1560 1884 1147 1035 1338 1457 1885 1306 1476 1374 1853 1319 1589 1388 1606 1847 1193 1803 1347 1215 1941 1941 1389 1840 1647 1424 1941 1134 1901 1308 1475 1673 1887 1009 1313 1919 1899 1079 1105 1152 1132 1253 1320 1603 1909 1727 1066 1052 1875 1185 1288 1442 1964 1473 1441 1822 1202 1647 1461 1744 1160 1755 1871 1179 1869 1933 1468 1342 1898 1500 1441 1913 1396 1165 1810 1228 1380 1196 1790 1995 1740 1815 1303 1640 1973 1539 1462 1056 1011 1717 1132 1791 1928 1762 1362 1375 1685 1310 1347 BCNSPRNW ULIB Ver.6.0+V

เปลี่ยนเป็นภาษาไทย

Change to English
 แสดงรายละเอียดบรรณานุกรม
  กลับหน้าหลัก

Brief Record : Get Marc (ISO 2709) : E-mail record : QR code < ปิดหน้าต่าง
LEADER : 00000nam a2200000Ia 4500
001    13399125386
003     ULIB
008    160803s2559 th a 000 0 tha d
020    ^a9786162798184
060 04 ^aWY161^bส996ก
245 00 ^aการพยาบาลผู้บาดเจ็บ =Trauma nursing /^cบรรณาธิการ,ไสว นรสาร ,พีรญา ไสไหม
250    ^aพิมพ์ครั้งที่ 1
260    ^aกรุงเทพฯ :^bโครงการตำรารามาธิบดีคณะแพทยศาสตร์โรงพยาบาลรามาธิบดี มหาวิทยามหิดล,^c2559
300    ^av, 408หน้า :^bภาพประกอบ ;^c28 ซม.
650  2 ^aWounds and Injuries^xnursing
650  4 ^aการพยาบาล
650  4 ^aการรักษาบาดแผล
650  4 ^aบาดแผลและบาดเจ็บ^xการพยาบาล
700 0  ^aไสว นรสาร,^eบรรณาธิการ
700 0  ^aพีรญา ไสไหม,^eบรรณาธิการ
710 1  ^aมหาวิทยามหิดล.^bคณะแพทยศาสตร์โรงพยาบาลรามาธิบดี.^bโครงการตำรา
945    ^p500^l0^i24045
945    ^p500^l0^i24046
945    ^p500^l0^i24048
945    ^p500^l0^i24055
945    ^p0^l0^i24056
995    ^aกัณชพร
999    ^aกัณชพร
รายการนี้ยังไม่มีแท็ก
คุณยังไม่ได้ล็อกอิน คุณสามารถมีกิจกรรมร่วมกับเว็บไซต์ได้ แต่ต้องล็อกอินก่อน ::
  ล็อกอิน

รายการสื่อสารสนเทศ

ลำดับที่ ประเภท เลขเรียก/บาร์โค้ด สถานที่ สถานะ
1. หนังสือสำรอง
หนังสือสำรอง
WY161 ส996ก ฉ.1 
  Barcode: 24045
ห้องสมุดวิทยาเขตนครสวรรค์
►หนังสือทั่วไป:l:General Books
บนชั้น
2. วิทยาศาสตร์การแพทย์ และสุขภาพ
วิทยาศาสตร์การแพทย์ และสุขภาพ
WY161 ส996ก ฉ.2 
  Barcode: 24046
ห้องสมุดวิทยาเขตนครสวรรค์
►หนังสือทั่วไป:l:General Books
บนชั้น
3. วิทยาศาสตร์การแพทย์ และสุขภาพ
วิทยาศาสตร์การแพทย์ และสุขภาพ
WY161 ส996ก ฉ.3 
  Barcode: 24048
ห้องสมุดวิทยาเขตนครสวรรค์
►หนังสือทั่วไป:l:General Books
บนชั้น
4. วิทยาศาสตร์การแพทย์ และสุขภาพ
วิทยาศาสตร์การแพทย์ และสุขภาพ
WY161 ส996ก ฉ.4 
  Barcode: 24055
ห้องสมุดวิทยาเขตนครสวรรค์
►หนังสือทั่วไป:l:General Books
บนชั้น
5. วิทยาศาสตร์การแพทย์ และสุขภาพ
วิทยาศาสตร์การแพทย์ และสุขภาพ
WY161 ส996ก ฉ.5 
  Barcode: 24056
ห้องสมุดวิทยาเขตนครสวรรค์
►หนังสือทั่วไป:l:General Books
บนชั้น

รายการใกล้เคียง
    หัวเรื่อง [การพยาบาล]
    หัวเรื่อง [การรักษาบาดแผล]

BibComment


ยังไม่เคยถูกคอมเมนท์

คอมเมนท์ทรัพยากรรายการนี้
  คอมเมนท์: การพยาบาลผู้บาดเ..


 Copyright 2026. Bcnsprnw @Library